=LDR 00000nam 2200000 4500 =001 INLIS000000000052710 =005 20231031105606 =035 ##$$a 0010-0218000406 =007 ta =008 231031################g##########0#ind## =020 ##$$a 979-526-108-8 =082 ##$$a R. 530.03 =084 ##$$a R. 530.03 TAS k =100 #$$a Taswa =245 1#$$a Kamus lengkap fisika /$c Taswa E.S.; Drs.H.Abu Ahmadi =250 ##$$a cet.1 =260 ##$$a Jakarta :$b Bumi Aksara,$c 2012 =300 ##$$a 331 hlm. : $b ilus ; $c 21 x 17 cm. =650 #4$$a Fisika kamus =700 #$$a Abu Ahmadi =990 ##$$a 21709270 =990 ##$$a 21709269 =990 ##$$a 21709268 =990 ##$$a 21709267 =990 ##$$a 21709266 =990 ##$$a 21709268 =990 ##$$a 21709270 =990 ##$$a 21709269 =990 ##$$a 21709267 =990 ##$$a 21709266 =990 ##$$a 21709267 =990 ##$$a 21709270 =990 ##$$a 21709269 =990 ##$$a 21709268 =990 ##$$a 21709266 =990 ##$$a 21709269 =990 ##$$a 21709270 =990 ##$$a 21709268 =990 ##$$a 21709267 =990 ##$$a 21709266 =990 ##$$a 21709266 =990 ##$$a 21709270 =990 ##$$a 21709269 =990 ##$$a 21709268 =990 ##$$a 21709267 =990 ##$$a 21709270 =990 ##$$a 21709269 =990 ##$$a 21709268 =990 ##$$a 21709267 =990 ##$$a 21709266